000 00258nam a2200109Ia 4500
008 231212s2001 xx 000 0 und d
041 _aeng
082 _a623.395
100 _aAndrew S. T.
245 _aComputer Networks
260 _aNew Delhi
_bPrentic
_c2001
999 _c964782
_d964782